NCAA Basketball Mascots - Statistics

General Stats
  • This quiz has been taken 378 times
    337 since last reset
  • The average score is 261 of 364
Answer Stats
School Mascot % Correct
Auburn | Clemson | Grambling | +8 others Tigers
98%
Princeton TIgers
98%
Baylor | Brown | Central Arkansas | +3 others Bears
95%
Stanford Cardinal
95%
Syracuse Orange
95%
Central Connecticut | Duke Blue Devils
94%
American University | Boston College | Coppin State | +7 others Eagles
94%
Notre Dame Fighting Irish
94%
Eastern Illinois | Florida International | Georgia State | +5 others Panthers
94%
Alabama A&M | Bryant | Butler | +11 others Bulldogs
93%
Virginia Cavaliers
93%
Florida State Seminoles
93%
North Carolina Tar Heels
93%
Georgia Tech Yellow Jackets
93%
Ball State | Incarnate Wood | Lamar | Louisville Cardinals
92%
Miami FL Hurricanes
92%
Cal Poly | SMU Mustangs
92%
Arizona | Bethune-Cookman | Davidson | +6 others Wildcats
92%
NC State Wolfpack
92%
Nevada Wolf Pack
92%
Little Rock | Troy | USC Trojans
91%
Wisconsin Badgers
90%
Ohio State Buckeyes
90%
Wake Forest Demon Deacons
90%
Oregon Ducks
90%
Cal Golden Bears
90%
Virginia Tech Hokies
90%
Abilene Christian | Houston Christian | Northeastern | +3 others Huskies
90%
Columbia | Lindenwood | Loyola Marymount | +3 others Lions
90%
Florida Atlantic | Kennesaw State | Rice | Temple Owls
90%
East Carolina | Hampton | Seton Hall Pirates
90%
Michigan State | Norfolk State | San Jose State | +2 others Spartans
90%
BYU | Charleston | Chicago State | +3 others Cougars
89%
McNeese State | Oklahoma State | Wyoming Cowboys
89%
Bellarmine | Farleigh Dickinson | UCF Knights
89%
Binghampton | Cincinatti Bearcats
88%
Sam Houston Bearkats
88%
Belmont | UCLA Bruins
87%
Colorado State | Fordham | Northern Colorado | +2 others Rams
87%
Creighton Blue Jays
86%
Michigan | Utah Valley Wolverines
86%
New Mexico State | North Carolina A&T | Texas A&M | +2 others Aggies
85%
Iowa State Cyclones
85%
Dayton Flyers
85%
Indiana Hoosiers
85%
Kansas Jayhawks
85%
Penn State Nittany Lions
85%
Arizona State Sun Devils
85%
Utah Utes
85%
Purdue Boilermakers
84%
Buffalo | South Florida Bulls
84%
Nebraska Cornhuskers
84%
Jacksonville State | South Carolina Gamecocks
84%
Iowa Hawkeyes
84%
TCU Horned Frogs
84%
Texas Tech Red Raiders
84%
Illinois Fighting Illini
83%
Tulane Green Wave
83%
App State | Mount St. Mary's | West Virginia Mountaineers
83%
Richmond Spiders
83%
Bucknell | Howard | North Dakota State Bison
82%
Colorado Buffaloes
82%
Minnesota Golden Gophers
81%
Wichita State Shockers
81%
Maryland Terrapins
81%
Montana State | Ohio | Quinnipiac | Texas State Bobcats
80%
Harvard Crimson
80%
Hawai'i Rainbow Warriors
80%
Rutgers Scarlet Knights
80%
North Texas Mean Green
79%
Cal State Bakersfield | UTSA Roadrunners
79%
Boise State | Santa Clara | Western Michigan Broncos
77%
Georgetown Hoyas
77%
Charlotte 49ers
76%
UAB Blazers
76%
Marquette | Oral Roberts | Southern Miss | Tennessee Tech Golden Eagles
76%
Massachusetts Minutemen
76%
Montana Grizzlies
75%
Ole Miss | UNLV Rebels
75%
Saint Louis Billikens
74%
Drexel Dragons
74%
Providence Friars
74%
UTEP Miners
74%
Liberty | UIC Flames
73%
Oklahoma Sooners
73%
Dusquense | James Madison Dukes
72%
Florida Gators
72%
Maine Black Bears
71%
Maryland Eastern Shore | Monmouth | Saint Joseph's Hawks
71%
St John's Red Storm
71%
San Diego State Aztecs
70%
Alabama Crimson Tide
70%
Tulsa Golden Hurricane
70%
Alabama State | Delaware State | Sacramento State Hornets
70%
Texas Longhorns
70%
Xavier Musketeers
70%
Cleveland State | Portland State Vikings
70%
Tennessee Volunteers
70%
Akron Zips
70%
Vermont | Western Carolina Catamounts
69%
Air Force | Bowling Green Falcons
69%
Arkansas Razorbacks
69%
Toledo Rockets
69%
Idaho Vandals
69%
St. Bonaventure Bonnies
68%
Miami OH RedHawks
68%
Seattle U | Southeast Missouri State Redhawks
68%
Delaware Blue Hens
67%
Oregon State Beavers
65%
Vanderbilt Commodores
65%
Jacksonville | Le Moyne Dolphins
65%
IU Indianapolis | Manhattan | South Alabama | Southern Jaguars
65%
UMBC Retrievers
65%
Boston University | Wofford Terriers
65%
Cornell Big Red
64%
Iona Gaels
64%
Austin Peay Governors
64%
Western Kentucky Hilltoppers
64%
South Dakota State Jackrabbits
64%
New Mexico Lobos
64%
UNC Wilmington | Wagner Seahawks
64%
Saint Peter's Peacocks
62%
Loyola Chicago Ramblers
62%
Kent State Golden Flashes
60%
Youngstown State Penguins
60%
Pennsylvania Quakers
59%
Army Black Knights
58%
DePaul Blue Demons
58%
Central Michigan Chippewas
58%
Northern Kentucky Norse
58%
Long Island University Sharks
58%
Middle Tennessee State Blue Raiders
57%
Eastern Kentucky | Nicholls Colonels
57%
Navy Midshipmen
57%
Illinois State Redbirds
57%
Indiana State Sycamores
57%
UC Irvine Anteaters
56%
UAlbany Great Danes
55%
Northern Arizona | Stephen F. Austin Lumberjacks
55%
Murray State Racers
54%
Colgate | Wright State Raiders
54%
Marshall Thundering Herd
54%
Stetson Hatters
53%
George Mason Patriots
53%
West Georgia Wolves
53%
Idaho State Bengals
52%
Dartmouth Big Green
52%
California Baptist | Longwood Lancers
52%
Elon | Green Bay Phoenix
52%
UC Santa Barbara Gauchos
51%
Coastal Carolina Chanticleers
50%
Robert Morris Colonials
50%
Campbell Fighting Camels
50%
Furman Paladins
50%
Hofstra Pride
50%
Arkansas State Red Wolves
50%
Merrimack Warriors
50%
Louisiana Ragin' Cajuns
49%
Cal State Fullerton | Detroit Mercy Titans
49%
William & Mary Tribe
49%
Southern Illinois Salukis
48%
Charleston Southern | East Tennessee State Buccaneers
47%
Northwestern State Demons
47%
Oakland Golden Grizzlies
47%
NJIT | Radford | UC Riverside Highlanders
47%
Old Dominion Monarchs
47%
Alcorn State | Bradley Braves
45%
Lafayette Leopards
45%
North Florida Ospreys
45%
Denver | Sacred Heart Pioneers
45%
Evansville Purple Aces
45%
UC San Diego Tritons
45%
Florida A&M Rattlers
44%
Marist Red Foxes
44%
Siena Saints
44%
Stonehill | UT Martin Skyhawks
44%
La Selle Explorers
43%
UL-Monroe Warhawks
42%
Stony Brook Seawolves
41%
Farefield Stags
41%
Presbyterian Blue Hose
40%
South Dakota Coyotes
40%
Holy Cross Crusaders
39%
Mississippi Valley State Delta Devils
39%
San Francisco Dons
39%
Chattanooga Mocs
39%
UMass Lowell River Hawks
39%
Purdue Fort Wayne Mastadons
38%
Portland Pilots
38%
Queens University Royals
38%
Gardner-Webb Runnin' Bulldogs
38%
Pepperdine Waves
38%
Western Illinois Leathernecks
37%
George Washington Revolutionaries
37%
Long Beach State Beach
36%
Lipscomb Bisons
36%
Kansas City Roos
36%
VMI Keydets
35%
San Diego Toreros
35%
Canisius Golden Griffins
34%
Arkansas-Pine Bluff Golden Lions
34%
Texas A&M Corpus Christi Islanders
34%
St. Thomas-Minnesota Tommies
34%
Grand Canyon Lopes
33%
Cal State Northridge Matadors
33%
Rider Broncs
32%
New Orleans Privateers
31%
Tarleston State Texans
31%
North Dakota Fighting Hawks
30%
Omaha | UT Arlington Mavericks
30%
Niagara Purple Eagles
30%
UT Rio Grande Valley Vaqueros
30%
Loyola Maryland Greyhounds
29%
Lehigh Mountain Hawks
29%
Southern Utah Thunderbirds
29%
Utah Tech Trailblazers
29%
Valparaiso Beacons
26%
Saint Francis (PA) Red Flash
25%
Southern Indiana Screaming Eagles
18%
Mercyhurst Lakers
15%
Saint Mary's Gales
11%
No matching quizzes found
Score Distribution
Percent of People with Each Score
Percentile by Number Answered
Your Score History
You have not taken this quiz since the last reset